Solar thermal energy utilization : German studies on technology and application

Αποθηκεύτηκε σε:
Λεπτομέρειες βιβλιογραφικής εγγραφής
Άλλοι συγγραφείς: Becker, M. (Manfred) (Επιμελητής έκδοσης), Funken, K.-H. (Karl-Heinz) (Επιμελητής έκδοσης)
Μορφή: Βιβλίο
Γλώσσα:English
Δημοσίευση: Berlin : Springer-Verlag, 1991.
Θέματα:
Ετικέτες: Προσθήκη ετικέτας
Δεν υπάρχουν, Καταχωρήστε ετικέτα πρώτοι!

MARC

LEADER 00000cam a2200000 i 4500
001 1/1544
008 950711s1991 gw | ||| |||| ||eng||
020 |a 3540532684 
035 |l 10014478 
040 |a GR-MyUa  |b gre  |e AACR2 
041 0 |a eng 
082 7 |a 621.47   |2 (22) 
245 0 0 |a Solar thermal energy utilization :   |b German studies on technology and application /   |c edited by M. Becker and K. H. Funken. 
260 |a Berlin :   |b Springer-Verlag,   |c 1991. 
300 |a 4 τ. ;   |c 23 εκ. 
500 |a Άνω του τίτλου: Deutsche forschungsanstalt fur luft-und raumfahrt E.V. (dlr). 
505 8 |a Τ. 4. Final reports 1988. 
650 0 0 |a Solar energy. 
650 0 0 |a Heat engineering. 
700 1 |a Becker, M.   |q (Manfred)  |e edt 
700 1 |a Funken, K.-H.   |q (Karl-Heinz)  |e edt 
852 |a INST  |b LESVOS  |e 19950711  |h 621.47 SOL  |p 005100007760  |q 005100007760  |t BK  |v τομ.4:  |y 0 
922 |a 1ΕΛΗ  |b 199304  |c ΠΠ/3135